| 000 | 00836nam a22002055a 4500 | ||
|---|---|---|---|
| 003 | GSU | ||
| 005 | 20251125111904.0 | ||
| 008 | 220330uuuuuuuuuxx |||||o|||||000 0|und|d | ||
| 020 | _a9781138704084 (hardback) | ||
| 040 |
_erda _beng _cGSU _dGSU |
||
| 050 |
_aRL96 _bNON |
||
| 245 | 1 | 0 |
_aA notebook of dermatopathology: mastering the basics, pattern recognition, and key pathologic findings / _bedited by Mariya Miteva |
| 264 | 1 |
_aBoca Raton : _bTaylor & Francis Group, _c©2018. |
|
| 300 |
_avi, 211 pages : _bcolour illustrations ; _c29 cm |
||
| 336 |
_atext _btxt _2rdacontent |
||
| 337 |
_aunmediated _bn _2rdamedia |
||
| 338 |
_avolume _bnc _2rdacarrier |
||
| 776 | 0 | 8 |
_iPrint _tA Notebook of Dermatopathology: Mastering the Basics, Pattern Recognition, and Key Pathologic Findings _z978-1-138-70408-4 |
| 942 |
_2lcc _cBK _hRL96 _kR _mNOT _n0 |
||
| 999 |
_c2593 _d2593 |
||